ბათუმის შოთა რუსთაველის სახელმწიფო უნივერსიტეტის ბიბლიოთეკა

Практикум по растениеводству (ბიბ.ჩანაწერი № 45783)

000 -LEADER
fixed length control field 00576nam a2200205Ia 4500
001 - CONTROL NUMBER
control field 12611
003 - CONTROL NUMBER IDENTIFIER
control field GE_BSU
008 - FIXED-LENGTH DATA ELEMENTS--GENERAL INFORMATION
fixed length control field 181216s||||||||xx |||||||||||||| ||und||
040 ## - CATALOGING SOURCE
Transcribing agency GE_BSU
080 ## - UNIVERSAL DECIMAL CLASSIFICATION NUMBER
Universal Decimal Classification number 633/635(075.32)
100 ## - MAIN ENTRY--PERSONAL NAME
Personal name Крючев,Б.Д.
245 ## - TITLE STATEMENT
Title Практикум по растениеводству
245 ## - TITLE STATEMENT
Statement of responsibility, etc. Ред.А.Белоусова
260 ## - PUBLICATION, DISTRIBUTION, ETC.
Place of publication, distribution, etc. Москва
260 ## - PUBLICATION, DISTRIBUTION, ETC.
Name of publisher, distributor, etc. Агропромиздат
260 ## - PUBLICATION, DISTRIBUTION, ETC.
Date of publication, distribution, etc. 1988
300 ## - PHYSICAL DESCRIPTION
Extent 287стр.21см.илл.
653 ## - INDEX TERM--UNCONTROLLED
Uncontrolled term практикум по растениеводству
942 ## - ADDED ENTRY ELEMENTS (KOHA)
Koha item type წიგნი
ეგზემპლარები
Withdrawn status Lost status Damaged status Not for loan Date acquired Barcode Date last seen Price effective from Koha item type
        2018-12-17 20544 2018-12-17 2018-12-17 წიგნი
        2018-12-17 20968 2018-12-17 2018-12-17 წიგნი
        2018-12-17 20969 2018-12-17 2018-12-17 წიგნი
        2018-12-17 20970 2018-12-17 2018-12-17 წიგნი
        2018-12-17 20971 2018-12-17 2018-12-17 წიგნი
        2018-12-17 20972 2018-12-17 2018-12-17 წიგნი
        2018-12-17 20973 2018-12-17 2018-12-17 წიგნი
        2018-12-17 20974 2018-12-17 2018-12-17 წიგნი
        2018-12-17 20975 2018-12-17 2018-12-17 წიგნი
        2018-12-17 20976 2018-12-17 2018-12-17 წიგნი
        2018-12-17 20977 2018-12-17 2018-12-17 წიგნი
        2018-12-17 20978 2018-12-17 2018-12-17 წიგნი
        2018-12-17 20979 2018-12-17 2018-12-17 წიგნი
        2018-12-17 20980 2018-12-17 2018-12-17 წიგნი